10 Most Hated Enemies of the USA - Statistics

General Stats
  • This quiz has been taken 67 times
  • The average score is 2 of 10
Answer Stats
Country Of Origin Enemy % Correct
Germany Adolf Hitler
100%
Afghanistan Osama Bin Laden
71%
Native American Tribes Geronimo
18%
Japan Hideki Tojo
15%
Soviet Union Leonid Brezhnev
13%
Mexico Santa Anna
13%
Native American Tribes Tecumseh
8%
Great Britain Charles Grey
2%
Native American Tribes Osceola
2%
Philippines Emilio Aguinaldo
0%
No matching quizzes found
Score Distribution
Percent of People with Each Score
Percentile by Number Answered
Your Score History
You have not taken this quiz